00848nam a2200229Ia 4500003000900000008004100009020001900050040001600069080001300085100002800098245013700126260003100263300001300294490004500307650004100352650003100393650001800424700003300442942000700475999001500482952012100497IN-BaIIA211028s9999 xx 000 0 eng d a0-85-274-282-7 cIIA Library a533bMAN aManheimer, W. M.916622 0aMHD and microinstabilities in confined plasmac W. M. Manheimer and C. N. Lashmore-Davies  aBristolbAdam Hilgerc1989 ax, 294p. aThe Adam Hilger series on plasma physics aAstronomy and astrophysics thesaurus aMagnetohydrodynamics91666 aPlasmas91898 aLashmore-Davies, C. N916623 cBK c9813d9813 00104070aBANbBANcGENd0000-00-00g1858.50l0o533/ MANp10723r2021-11-05v1858.50w0000-00-00yBKGRs. 1858.50